Aktuálne trendy na trhu práce v kontexte univerzitného vzdelávania v SR

Univerzitné vzdelávanie je dôležitým faktorom, ktorý prispieva k hospodárskemu rastu a konkurencieschopnosti. Úspešná ekonomika je založená na kvalifikovanej pracovnej sile, ktorá má zručnosti a vedomosti potrebné na to, aby bola efektívna a inovatívna. Nastavenie ponuky vzdelávania by v každej úsp...

Descrizione completa

Salvato in:
Dettagli Bibliografici
Autore principale: Golej, Július
Natura: Capitolo di libro
Lingua:slovacco
Soggetti:
Tags: Aggiungi Tag
Nessun Tag, puoi essere il primo ad aggiungerne!!

MARC

LEADER 00000naa a2200000 4500
001 0298085
005 20240111114131.2
041 0 |a slo 
044 |a SK 
245 1 0 |a Aktuálne trendy na trhu práce v kontexte univerzitného vzdelávania v SR  |c Július Golej 
520 |a Univerzitné vzdelávanie je dôležitým faktorom, ktorý prispieva k hospodárskemu rastu a konkurencieschopnosti. Úspešná ekonomika je založená na kvalifikovanej pracovnej sile, ktorá má zručnosti a vedomosti potrebné na to, aby bola efektívna a inovatívna. Nastavenie ponuky vzdelávania by v každej úspešnej ekonomike malo reflektovať potreby zamestnávateľov a trhu práce. Práve znalosť trendov a potrieb pracovného trhu umožňuje efektívnejšie zavádzanie inovácií, teda zmien, ktoré budú reflektovať tieto požiadavky trhu. Príspevok poukazuje na aktuálne trendy na slovenskom trhu práce, analyzuje jeho aktuálne potreby a prináša odpovede, ako môže univerzitné vzdelávanie na Slovensku lepšie reagovať na potreby trhu práce. 
610 2 0 |a vzdelávanie vysokoškolské 
610 2 0 |a trh práce 
610 2 0 |a sily pracovné 
610 2 0 |a pokrok technologický 
610 2 0 |a inovácie technologické 
610 2 0 |a konkurencieschopnosť 
610 2 0 |a Slovensko 
100 1 |a Golej, Július